|
|
|
|
| LEADER |
00000nab a2200000 a 4500 |
| 001 |
vtls000332871 |
| 003 |
SK-MaSNL |
| 005 |
20260303235935.0 |
| 008 |
220422c1987 xo 0 cze |
| 015 |
|
|
|a SNBRA19rr/mm-uuuuu
|
| 035 |
|
|
|a CL0332993
|
| 040 |
|
|
|a SNKBUCL
|b slo
|c SNKBUCL
|e AACR2
|
| 041 |
0 |
|
|a cze
|
| 044 |
|
|
|a xo
|c SK
|
| 080 |
|
|
|a 632.122:633
|2 1981
|
| 080 |
|
|
|a 633
|2 1981
|
| 080 |
|
|
|a 632.122
|2 1981
|
| 080 |
|
|
|a 613.2
|2 1981
|
| 100 |
1 |
|
|a Petříková, Vlasta
|4 aut
|9 6682
|
| 245 |
1 |
0 |
|a Vliv prűmyslové činnosti na rostlinnou výrobu
|c Vlasta Petříková
|
| 300 |
|
|
|b Tb. 1., lit. 8 zázn. v slov., češ., nem.
|
| 650 |
0 |
7 |
|a rastlinná výroba
|2 snkbucl
|9 2835
|
| 650 |
0 |
7 |
|a priemyselné imisie
|2 snkbucl
|9 1154758
|
| 650 |
0 |
7 |
|a plodiny poľnohospodárske
|2 snkbucl
|9 618335
|
| 655 |
|
7 |
|a články zo zborníkov
|2 snkbucl
|9 166140
|
| 773 |
0 |
|
|t Hygiena pôd a poľnohospodárskej produkcie
|d Žilina : Dom techniky ČSVTS, 1987
|g S. 40-44
|
| 850 |
|
|
|a Slovenská národná knižnica v Martine
|a MTA001
|
| 852 |
|
|
|a SNK
|b KIS3GCP
|
| 958 |
|
|
|a RK
|
| 958 |
|
|
|a ME
|
| 958 |
|
|
|a CZ
|
| 992 |
|
|
|a RZB
|
| 999 |
|
|
|c 2528538
|d 2530468
|